| 000 | 00706nam a2200253Ia 4500 | ||
|---|---|---|---|
| 003 | OSt | ||
| 005 | 20220928124250.0 | ||
| 006 | a|||||r|||| 00| 0 | ||
| 007 | ta | ||
| 008 | 220927b |||||||| |||| 00| 0 eng d | ||
| 020 | _cUSD 160.00 | ||
| 024 | _a136664 | ||
| 037 |
_b49, 07/11/2017, Aviva Books Company _cTextual |
||
| 040 |
_aSDCL _cSDCL _beng |
||
| 041 |
_2eng _aeng |
||
| 082 | _aX:(B), Q5 | ||
| 100 |
_aBaltagi Badi H. Ed. _9464126 |
||
| 245 | 0 | _aOxford handbook of panel data | |
| 260 | _c2015 | ||
| 300 |
_axv,683p. _ccm. |
||
| 650 | _aFinancial Studies | ||
| 942 |
_hX:(B), Q5 _cTEXL _2CC |
||
| 999 |
_c777001 _d777001 |
||